000 00623nam a2200253Ia 4500
003 0100
008 130307s9999 xx 000 0 und d
020 _a0534208568
040 _cARRUPELIB
050 _aHM51.L3595 1993
100 _aLevin, William C
245 _aSociological ideas
245 _bconcepts and applications
250 _a4th ed.
260 _aBelmont, Calif. :
260 _bWadsworth Publishing Company
260 _cc1994.
300 _axxi
300 _b473 p. 24 cm.
650 _aSOCIOLOGY
650 _bPolitical parties--Zambia
650 _cZambia--Politics--1964
942 0 0 _01
999 _c99597
_d99597